00895nam a2200265 a 450000100060000000300080000600500170001400800410003102000150007202000220008703500190010904000320012804100080016008200300016810000180019824501240021626000600034030000330040050000060043350400360043965000540047570000240052970000210055383000550057460063BD-RjUL20211209080812.0161228s1986 nyua b s001 0 eng  a0887063438 a088706342X (pbk.) a(BD-RjUL)60187 aDLCcDLCdDLCdBD-RjULbeng aeng00a353.0082326223bSHE 19861 aShover, Neal.10aEnforcement or negotiation :bconstructing a regulatory bureaucracy /cNeal Shover, Donald A. Clelland, John Lynxwiler. aNew York :bState University of New York Press,cc1986. axi, 193 p. :bill. ;c24 cm. a  aIncludes index and Bibliography 0aStrip miningxLaw and legislationzUnited States.1 aClelland, Donald A.1 aLynxwiler, John. aSUNY series in critical issues in criminal justice